Perakuanan pengurusan
| Main Author: | |
|---|---|
| Format: | Book |
| Published: |
Pulau Pinang :
Penerbit USM ,
1988
|
| Subjects: |
MARC
| LEADER | 00000cam a2200000 7i4500 | ||
|---|---|---|---|
| 001 | 0000004877 | ||
| 002 | 000005260 | ||
| 005 | 20000330.0 | ||
| 020 | |a 9679911667 | ||
| 090 | 0 | 0 | |a 658.1511 |b NAS |
| 100 | 0 | |a Nasir Daing Ibrahim |f Daing | |
| 245 | 1 | 0 | |a Perakuanan pengurusan |c Daing Nasir Daing Ibrahim |
| 260 | |a Pulau Pinang : |b Penerbit USM , |c 1988 | ||
| 300 | |a 187p. ; |c 25cm. | ||
| 650 | 0 | 0 | |a Managerial accounting |
| 999 | |a 034795 |b BUKU |c PINJAMAN |e PERPUSTAKAAN KOMUNITI PETALING JAYA | ||
| 999 | |a 034796 |b BUKU |c PINJAMAN |e PERPUSTAKAAN KOMUNITI PETALING JAYA | ||